000 00248nam a2200109Ia 4500
008 220204s9999 xx 000 0 und d
082 _a82-3
_bCOO
100 _aCooper, Morton
245 0 _aRich people
260 _aLondon
_bCorgi
_c1978
942 _cBK
999 _c33556
_d33556